DnD: Demon, Yugoloth, or Devil - Statistics

General Stats
  • This quiz has been taken 15 times
  • The average score is 16 of 28
Answer Stats
Hint Explanation Answer % Correct
Clabrezu Demon
79%
Pit Fiend Devil
71%
Kyton Chain Devil Devil
71%
Imp Devil
71%
Erinyes Devil
71%
Ultroloth Yugoloth
71%
Arcanaloth Yugoloth
71%
Manes Demon
64%
Dretch Demon
64%
Barbazu Bearded Devil Devil
64%
Spinagon Spine Devil Devil
64%
Vrock Demon
57%
Barlgura Demon
57%
Goristro Demon
57%
Nalfeshnee Demon
57%
Hezrou Demon
57%
Lemure Devil
57%
Mezzoloth Yugoloth
57%
Nycaloth Yugoloth
57%
Marilith Demon
50%
Balor Demon
50%
Yochlol Demon
50%
Osyluth Bone Devil Devil
50%
Gelugon Ice Devil Devil
50%
Chasme Demon
43%
Quasit Demon
43%
Hamatula Barbed Devil Devil
43%
Malebranche Horned Devil Devil
43%
No matching quizzes found
Score Distribution
Percent of People with Each Score
Percentile by Number Answered
Your Score History
You have not taken this quiz